000 00989aab a2200193 i 4500
001 768714001
003 CO-MdFUSB
005 20240422103704.0
008 240411t1985 ag ||||| |||| 00| 0 spa d
040 _bspa
_cCO-MdFUSB
041 _aspa
100 1 _aEscobar, Samuel (1934-)
_eautor
245 _aEl problema ecuménico en América Latina
_c/ Samuel Escobar
300 _aVolumen 4, número 3 (septiembre, 1985), páginas: 78 - 81
_c; 27 cm
520 _aLa discusión ecuménica se llevó a cabo con un pequeño grupo que representa al mundo evangélico... iglesias que dejaron de considerar la evangelización como su actividad central. El celo misionero de los evangélicos, que han trabajado juntos desde el siglo pasado. Sobre el tema anterior, se basa el siguiente artículo.
650 7 _aTeología pastoral y unidad cristiana
_97183
773 0 _tIglesia y Misión
_049402
_959687
_gVolumen 4, número 3 (septiembre, 1985), páginas: 78 - 81
_qpáginas: 78
942 _cANA
999 _c51596
_d51596